000 00672cam a2200217 4500
001 ABS64502
008 010927n2001 000 0 eng u
035 _a(Sirsi) u114883
245 _aFocus 2001: Cardiff
260 _c2001
490 _aEstates Gazette
_v(0135) 1 September 2001, 55-75(8)
590 _aABS
650 _aCARDIFF
650 _aPLANNING
650 _aPROPERTY-COMMERCIAL PROPERTY-OFFICE PROPERTY-OFFICE PROPERTY MARKET
650 _aPROPERTY-COMMERCIAL PROPERTY-RETAIL PROPERTY-RETAIL PROPERTY MARKET
650 _aWELSH ASSEMBLY
650 _aCALL CENTRES
690 _aPROPERTY-COMMERCIAL PROPERTY-COMMERCIAL PROPERTY MARKET
942 _n0
999 _c68411
_d68411